000 00252nam a22001217a 4500
040 _cSY
082 _a331
100 _aNA
245 _aរបាយកាណ៍កម្មសិក្សា
260 _aRUA
_bNA
_c1988
300 _a45p.
942 _cKB
999 _c9969
_d9969